000 00630nam a2200217Ia 4500
003 OSt
005 20251118141425.0
008 210210b2008 xxu||||| |||| 00| 0 eng d
020 _a8177132210
040 _cAL
041 _aKannada
082 _a305.895487K KANS
100 _aKANNADA PUSTAKA PRADHIKARA
_dಕನ್ನಡ ಪುಸ್ತಕ ಪ್ರಾಧಿಕಾರ
_9246210
245 _aSindhollu
_bಸಿಂಧೊಳ್ಳು
260 _aBengaluru
_bKannada Pustaka Pradhikara
_c2008
300 _axxx,170
650 _aSindhollu
_9246211
690 _aSocial Groups
_9246212
906 _a064441
942 _2ddc
_cBK
999 _c140594
_d140594